Slovensko pred vstupom do Ekonomickej a menovej únie

Euro ako zákonné platidlo v tých krajinách Európskej únie, ktoré splnili požadované kritériá pre vstup do Ekonomickej a menovej únie (EMÚ) a politicky sa rozhodli do EMÚ vstúpiť. EMÚ – Economic and Monetary Union predstavuje priestor, v ktorom euro plní svoju úlohu zákonného platidla. Nezávislou vrc...

Descripción completa

Guardado en:
Detalles Bibliográficos
Autor principal: Hontyová, Kajetána
Otros Autores: Bartánusová, Milada
Formato: Capítulo de libro
Lenguaje:eslovaco
Materias:
Etiquetas: Agregar Etiqueta
Sin Etiquetas, Sea el primero en etiquetar este registro!

MARC

LEADER 00000nla$a2200000$$$4500
001 0083858
005 20240502071937.1
041 0 |a slo 
044 |a SK 
245 1 0 |a Slovensko pred vstupom do Ekonomickej a menovej únie  |c Kajetana Hontyová, Milada Bartánusová 
520 |a Euro ako zákonné platidlo v tých krajinách Európskej únie, ktoré splnili požadované kritériá pre vstup do Ekonomickej a menovej únie (EMÚ) a politicky sa rozhodli do EMÚ vstúpiť. EMÚ – Economic and Monetary Union predstavuje priestor, v ktorom euro plní svoju úlohu zákonného platidla. Nezávislou vrcholnou menovou autoritou zodpovednou za kvalitu a stabilitu eura je Európska centrálna banka (ECB). Vstupom Slovenska do Európskej Únie sa začali realizovať zámery vstúpiť do EMÚ. Fiškálna a menová politika SR. 
610 2 0 |a euro 
610 2 0 |a politika fiškálna 
610 2 0 |a politika menová 
610 2 0 |a eurozóna 
610 2 0 |a ukazovatele 
100 1 |a Hontyová, Kajetána 
700 1 |a Bartánusová, Milada